[Event "Sanjin Hotel Cup"]
[Site "Taiyuan"]
[Date "2004.07.19"]
[Round "3"]
[White "Lautier, Joel"]
[Black "Zhang, Zhong"]
[Result "1/2-1/2"]
[WhiteElo "2666"]
[BlackElo "2603"]
[Annotator "Golod,V"]
[PlyCount "50"]
[EventDate "2004.07.17"]
[EventType "tourn"]
[EventRounds "9"]
[EventCountry "CHN"]
[EventCategory "16"]
[SourceTitle "CBM 102"]
[Source "ChessBase"]
[SourceDate "2004.09.23"]
[SourceVersion "1"]
[SourceVersionDate "2004.09.23"]
[SourceQuality "1"]

1. d4 Nf6 2. c4 e6 3. Nc3 Bb4 4. Qc2 d5 5. a3 Bxc3+ 6. Qxc3 Ne4 7. Qc2 c5 8.
dxc5 Nc6 9. cxd5 {This move does not put the large problems for Black.In last
years,Black has a excellent statistics in this variant. Besides White has two
main alternatives:} (9. Nf3 $5 {You can see my comments to Burmakin,V-Markarov,
A/St.Petersburg,2000/CBM 76(1-0)(39)}) ({and} 9. e3 $6 {You can see my
annotations to Sretenskij,N-Landa,K/ Moscow,1999/CBM 70 (1/2-1/2)(34)}) 9...
exd5 10. Nf3 Bf5 11. b4 O-O 12. Bb2 Re8 ({Leads to benefit of the contender:} 
12... Ng3 $2 13. Qc3 d4 $8 14. Nxd4 Nxd4 15. fxg3 $16 {See my comments to
Levin,F-Zagrebelny,S/Schwerin,1999/CBM 73(1-0)(58)}) ({It deserves serious
attention:} 12... b6 $5 13. b5 $140 bxc5 14. bxc6 Rb8 $5 {[%csl Rb2][%cal
Gd8a5]} 15. O-O-O $1 (15. Nd2 $143 $13 {Gurevich,M-Sokolov,A/Clichy,1993/Inf
58/584(0-1)(Sokolov,A)(40)}) 15... Nxf2 16. Qxf5 Nxd1 17. c7 $1 Qxc7 18. Be5
Ne3 19. Bxc7 Nxf5 20. Bxb8 Rxb8 21. Ne1 $14 {Nadanian,A-Yegiazarian,O/Armenia,
1994/Inf 61/(581)}) 13. Rd1 b6 14. e3 bxc5 15. Bb5 Re6 $1 $146 {[%mdl 8] This
continuation is the next attempt to bring in a "new word " in theory of this
variant.} ({Also repeatedly were checked up in previous games:} 15... Qb6 $2
16. Bxc6 $1 (16. Qa4 $5 Rac8 17. Rxd5 Be6 18. Bxc6 Qxc6 $6 (18... Rxc6 $5 19.
Re5 $14) 19. Qxc6 Rxc6 20. Re5 Bd7 21. bxc5 Rxc5 22. Rxc5 Nxc5 23. O-O {
+/=/+/- Ivanchuk,V-Topalov,V/Monte Carlo,2001(1/2-1/2)(38)}) 16... Qxc6 17. Nd4
Qg6 18. Nxf5 (18. bxc5 $4 {Ftacnik,L} Qxg2 19. Rf1 Ng3 $19) 18... Qxf5 19. bxc5
Rac8 20. Bd4 $1 {You can see my comments to Ivanov,S-Kupreichik,V/Maikop,1998/
CBM 66(1/2-1/2)(Golod,V)(51)}) 16. O-O (16. bxc5 $4 {is refuted by:} Qa5+ {
[%csl Rb5,Re1]}) ({The too risky decision:} 16. Bxc6 $6 Rxc6 $140 17. Nd4 $2
cxd4 $1 (17... Rf6 $6 18. Nxf5 (18. bxc5 $4 Qa5+ $1 19. Rd2 $8 (19. Ke2 Ng3+ {
[%csl Rc2,Re2]}) 19... Rb8 $1 {ץb2} 20. Bc1 Nxd2 21. Qxd2 (21. Bxd2 $2 Bxc2
22. Bxa5 Rb1+ 23. Ke2 Rxh1 24. Nxc2 Rxh2 $19) 21... Qxc5 22. O-O Be4 {-/+/-+})
18... Rxf5 19. O-O cxb4 20. axb4 Rc8 21. Qa4 {+/=/=}) 18. Qxc6 Rc8 19. Qb5 $140
{[%tqu "En","Find the killer move!","","","e4f2","",10]} Nxf2 $1 20. O-O (20.
Kxf2 $143 Rc2+ 21. Kg1 Rxb2 {/\Be4}) 20... Nxd1 21. Rxd1 Rc2 $17) 16... Bg4 $1
{Black are obliged to begin active actions on the king side!} 17. Rfe1 ({
Leads to favourable complications for Black:} 17. Be2 cxb4 18. Qb3 bxa3 19.
Rxd5 $140 Qxd5 $1 20. Qxd5 axb2 $15 {[%csl Gb2][%cal Ga8b8,Ge4c3]}) 17... Bxf3
({After:} 17... Rg6 {White have the following protective resource:} 18. Kf1)
18. gxf3 Ng5 ({Now is senselessly:} 18... Qg5+ {because of:} 19. Kh1 (19. Kf1
$5) 19... Nf6 (19... Rh6 $2 20. fxe4 Qh5 21. f4 $18 {[%csl Yc2][%cal Yc2h2]})
20. Qxc5 Qf5 21. Be2 $16) 19. Qf5 Ne7 ({It deserves more attention:} 19... Ne5
$5 {though it was rather difficult to calculate all variants:} 20. Bxe5 (20.
Be2 $143 g6 21. Qxe5 Rxe5 22. Bxe5 cxb4 23. axb4 Ne6 $15) 20... Rxe5 21. Qg4 $8
(21. Qxe5 $4 Nxf3+) (21. Qf4 $4 Nh3+) 21... Ne4 {/\Rg5} 22. f4 Re6 23. Bd3 $1 (
23. f5 Rh6 $15) 23... Rg6 $140 (23... cxb4 24. f5 $132) 24. Qxg6 hxg6 25. Bxe4
$11) 20. Qg4 {Now it was rather doubtful to sacrifice the queen:} (20. Qxg5 $2
Rg6 21. Qxg6 Nxg6 22. Bc6 Rc8 23. Bxd5 Qg5+ 24. Kf1 (24. Kh1 $143 cxb4 25. axb4
$140 Rc2 {[%csl Rb2,Rf2,Yg6][%cal Yg6f8]}) 24... cxb4 25. axb4 Qh4 $15 {
[%csl Rb4,Rh2]}) 20... Rg6 21. Kf1 Ne6 ({Can it was necessary to decide on the
more active continuation? :} 21... f5 $5 22. Qf4 Nh3 23. Qe5 Rg1+ 24. Ke2 Rg2
25. Rf1 $13) 22. Qh4 Rh6 23. Qg3 Rg6 (23... Nf5 $2 24. Qe5 {[%csl Rd5,Rf5]}) ({
I can not recommended in this position:} 23... Rb8 24. Bd3 {[%csl Gb2,Yd3]
[%cal Yd3h7,Gb2g7]} cxb4 25. Be5 Rb6 26. axb4 Rxb4 27. Rb1 $44) 24. Qh4 {
White are obliged to repeat moves.} (24. Qe5 $143 cxb4 {[%csl Re5][%cal Gg6g5]}
25. axb4 $140 Rg5 26. Qc3 Qb8 $15 {[%csl Rb5,Rh2][%cal Gb8b5,Gb8h2]}) 24... Rh6
25. Qg3 Rg6 1/2-1/2

[Event "Petermaennchen GM"]
[Site "Schwerin"]
[Date "1999.08.12"]
[Round "6"]
[White "Levin, Felix"]
[Black "Zagrebelny, Sergey"]
[Result "1-0"]
[WhiteElo "2531"]
[BlackElo "2521"]
[Annotator "Golod,V"]
[PlyCount "115"]
[EventDate "1999.08.09"]
[EventType "tourn"]
[EventRounds "9"]
[EventCountry "GER"]
[EventCategory "10"]
[SourceTitle "CBM 073"]
[Source "ChessBase"]
[SourceDate "1999.12.01"]
[SourceVersion "1"]
[SourceVersionDate "1999.12.01"]
[SourceQuality "1"]

1. d4 Nf6 2. c4 e6 3. Nc3 Bb4 4. Qc2 d5 5. a3 $5 ({Another line is:} 5. cxd5 $5
) 5... Bxc3+ 6. Qxc3 Ne4 7. Qc2 c5 $5 {Besides,black has few options:} (7... e5
$5 {-see comments to Kramnik,V-Adams,M/Las Vegas,1999/CBM 72(1/2-1/2)(Golod)})
(7... Nc6 $5) ({and} 7... O-O $5) 8. dxc5 Nc6 9. cxd5 $6 ({Also dubious:} 9. e3
$6 {-see comments to Daschian,N-Landa,K/ Moscow,1999/CBM 70(1/2-1/2)(Golod,V)
(34)}) (9. Nf3 $5 {Is the main line.You can see comments to game:Ivanov,
S-Yemelin,V/St.Petersburg, 1998/CBM 65(1-0)(Golod,V)(42)}) 9... exd5 10. Nf3
Bf5 11. b4 O-O 12. Bb2 ({Also good enough:} 12. Qb2 $5 d4 13. e3 d3 14. Qb3 Qf6
$2 (14... a5 $5) 15. Bb2 d2+ 16. Nxd2 Nxd2 17. Kxd2 Qh4 18. Ke1 Rfe8 19. Rd1
Rad8 20. Rxd8 Rxd8 21. Qc4 $18 {Baburin,A-Ward,C/Isle of Man op,1996(1-0) (35)}
) 12... Ng3 $2 {[%mdl 16384] This move very weak!} ({Interestingly:} 12... b6
$5 13. b5 $140 bxc5 14. bxc6 Rb8 $5 {[%csl Rb2][%cal Gd8a5]} (14... Qa5+ $143
15. Nd2 Rab8 16. c7 Rb3 17. Be5 $1 {-see Gurevich,M-Franzoni,G/Luzern,1989/
Inf 48/742(1-0)(Gurevic,M)(28)} (17. Rd1 $5 c4 18. e3 Ng3 19. Qxb3 cxb3 20.
hxg3 $16 {Kasparov,G-Renet,O/Evry,1989(1-0)(43)})) 15. O-O-O $1 {Nadanian,
A-Yegiazarian,O/Armenia,1994/Inf 61/(581)} (15. Nd2 $143 {-see Gurevich,
M-Sokolov,A/Clichy,1993/Inf 58/584(0-1)(Sokolov,A)(40)})) ({Another
possibility is:} 12... Re8 $5 {You can see comments to games: Sakaev,K-Loginov,
V/St.Petersburg,1997/ CBM 58(1/2-1/2)(Ftacnik)(32) and Ivanov,S-Kupreichik,V/
Maikop,1998/   CBM 66(1/2-1/2)(Golod,V)(51)}) 13. Qc3 {[%csl Rg3,Rg7]} d4 $8
14. Nxd4 Nxd4 15. fxg3 $8 {[%csl Gf2][%cal Ge1f2]} Nc2+ (15... Ne6 $144 16. e3
Qd5 17. Rd1 Qe4 18. Kf2 $16 {O'Kelly de Galway,A-Porath,Y/Hilversum zt, 1947
(1-0)(67)}) 16. Kf2 {[%csl Rg7]} Qg5 17. h4 Qh6 ({Badly:} 17... Qg4 {in view
of:} 18. Rc1 {[%csl Rc2][%cal Gc1c2]}) 18. g4 $1 $16 {[%csl Rc2,Yf5]} ({
Now senselessly:} 18. Rc1 {because of:} Rfe8 {[%csl Re3,Ge8,Gh6] and
impossibly:} 19. Rxc2 $2 Bxc2 20. Qxc2 $4 (20. e3 $5 Rad8 $15) 20... Qe3+ 21.
Ke1 Qxg3+ 22. Kd2 Rad8+ 23. Qd3 (23. Kc1 Qe1+) 23... Rxd3+ 24. exd3 Qf2+ $19)
18... Be4 19. Rc1 $5 $146 {[%csl Rc2][%cal Gc1c2]} (19. g5 $5 Qg6 20. Rd1 $16 {
-was checked in the previous game: Euwe,M-Najdorf,M/Mar del Plata,1947(1-0) 
(38)}) 19... Qf4+ $8 ({Entirely badly after:} 19... Rfe8 20. Rh3 {[%cal Yh3e3,
Gf2g1]} Rad8 21. Rxc2 Bxc2 22. Qxc2 Qf4+ 23. Rf3 (23. Kg1 $5) 23... Qxg4 24. g3
$18) 20. Kg1 $140 {[%csl Rc2,Rg7]} Qe3+ 21. Qxe3 Nxe3 22. g5 $16 {[%mdl 4096]}
Rad8 23. Rh3 Nxf1 ({Dubious:} 23... Nd1 {in view of:} 24. Be5 {[%csl Rd1][%cal
Ge5d6]} Rd5 25. Bd6 Rd8 26. g4 $18 {[%csl Re4]}) 24. Kxf1 Rd2 $6 ({Probably
slightly better is:} 24... Rfe8) ({or} 24... Rd7) 25. Bc3 Ra2 ({Another
alternative is:} 25... Rd5 $5 {<->d}) 26. Re3 Bc6 27. Be5 {[%cal Ge5d6]} (27.
Ra1 $142) 27... Bb5 $6 ({It is necessary:} 27... Re8 $5 28. Rcc3 (28. Kf2 $144
Bb5 {[%csl Re2]}) 28... Bb5 $16 {[%csl Re2]}) 28. Bd6 {[%cal Ge3e7]} Re8 29.
Rxe8+ Bxe8 30. c6 $1 bxc6 (30... Bxc6 $143 31. b5 {[%csl Gc1,Rg8]} Bd7 $8 32.
Rc7 Bg4 33. Rxb7 $18 {[%csl Ra7][%cal Gb7b8,Gb7a7]}) 31. b5 c5 (31... cxb5 $4
32. Rc8 $18 {[%csl Re8]}) 32. Rxc5 {[%csl Re8][%cal Gc5c8]} f6 $8 33. gxf6 gxf6
34. Rc8 Kf7 35. Rb8 {with the idea 36.Bc5 and 37.Bxa7} Bd7 36. Bc5 Ke6 37. e3
$5 {[%csl Ye3][%cal Gc5d4]} Kd5 38. Bxa7 Rxa3 39. Bd4 $18 {[%csl Gb5,Rf6,Rh7]
[%cal Gb5b6]} Rb3 ({Probably slightly better is:} 39... h5 40. b6 Kc6 41. Rf8
$18) 40. b6 f5 41. Rh8 $1 {[%csl Rh7][%cal Gh8h7]} (41. b7 {is refuted by:} Ke4
$1 $16 {[%csl Rb7][%cal Gd7c6]} (41... Kc6 $143 42. Rc8+ $5 Kxb7 43. Rh8 $18))
41... f4 42. Rxh7 Bf5 43. Re7 {[%csl Ye7][%cal Ge7e5]} fxe3 44. Bxe3 {This
absolutely advantageous position for white!The rest is the matter of technics.}
Be4 45. b7 Bd3+ 46. Kf2 Ba6 47. h5 Rb2+ ({Loses right away:} 47... Rxb7 $2 48.
Rxb7 Bxb7 49. h6 {[%csl Gh6]}) ({and} 47... Bxb7 $2 48. h6 Rb1 49. h7 {[%csl
Yb1,Rb7][%cal Yb1h1,Yb1b7]}) 48. Kg1 Kd6 ({Again impossibly:} 48... Rxb7 {and})
(48... Bxb7) 49. Rg7 {[%csl Ra6][%cal Gg7g6]} (49. h6 $142 Kxe7 50. h7 Bxb7 51.
h8=Q Rxg2+ 52. Kf1 $18) 49... Bxb7 50. h6 Rb1+ 51. Kh2 Rb5 {[%cal Gb5h5]} 52.
g4 {[%cal Yg4h5,Gh6h7,Gg4g5]} Rb1 53. g5 Rh1+ 54. Kg3 Be4 55. g6 Ke5 56. Re7+
Kf5 57. g7 Bd5 58. Re8 {[%cal Gg7g8]} 1-0

[Event "St Petersburg-ch"]
[Site "St Petersburg"]
[Date "1998.04.14"]
[Round "7"]
[White "Ivanov, Sergey"]
[Black "Yemelin, Vasily"]
[Result "1-0"]
[WhiteElo "2570"]
[BlackElo "2485"]
[Annotator "Golod,V"]
[PlyCount "83"]
[EventDate "1998.04.07"]
[EventType "tourn"]
[EventRounds "13"]
[EventCountry "RUS"]
[EventCategory "10"]
[SourceTitle "CBM 065"]
[Source "ChessBase"]
[SourceDate "1998.08.06"]
[SourceVersion "1"]
[SourceVersionDate "1998.08.06"]
[SourceQuality "1"]

1. d4 {Hecht} Nf6 2. c4 e6 3. Nc3 Bb4 4. Qc2 d5 5. a3 (5. cxd5 $5) 5... Bxc3+
6. Qxc3 Ne4 7. Qc2 c5 $5 (7... e5 $5) (7... Nc6 $5) (7... O-O $5) 8. dxc5 Nc6
9. Nf3 $5 (9. cxd5 $143 exd5 10. Nf3 Bf5 11. b4 O-O 12. Bb2 b6 (12... Re8 $5
13. Rd1 b6 14. e3 bxc5 15. Bb5 Qb6 16. Bxc6 Qxc6 17. Nd4 Qg6 18. Nxf5 Qxf5 19.
bxc5 Rac8 20. Bd4 Qg6 21. O-O Nxc5 22. Qxg6 hxg6 23. Rb1 $14 {1/2-1/2 Ivanov,
S-Kupreichik,V/Russian Club Cup, Maikop RUS 1998 (50)}) 13. b5 bxc5 14. bxc6
Qa5+ 15. Nd2 Rab8 16. c7 Qxc7 (16... Rb3 $5 17. Be5 $1 c4 18. f3 {Gurevich,
M-Franzoni,G Luzern 1989 Inf 48/742/} Ng3 $5 19. Qxb3 cxb3 20. hxg3 $13) 17.
Nxe4 Bxe4 18. Qd2 d4 19. f3 Bg6 20. e4 dxe3 21. Qc3 Rxb2 22. Qxb2 Rb8 23. Bb5 (
23. Qc3 $2 Rb3 $1 $19) 23... Qa5+ 24. Kf1 Rxb5 25. Qe5 h6 26. Qxe3 Rb2 $17 {
1/2-1/2 Rogers,I-Ward,C/4NCL, Kenilworth ENG 1997 (40)}) (9. e3 $6 Qa5+ 10. Bd2
Nxd2 11. Qxd2 dxc4 $10 12. Qxa5 Nxa5 13. Rc1 b5 $1 14. cxb6 Bb7 $1 15. Nf3 Ke7
16. Nd2 Rhc8 17. Be2 axb6 18. O-O b5 $15 {Dao Thien Hai-Loginov,V/Budapest/
1994/}) (9. cxd5 $13 {Hansen,LB}) 9... Qa5+ (9... a5 $143 10. e3 a4 11. Bd2 O-O
12. Rc1 Nxd2 13. Qxd2 Na5 14. Qb4 Nb3 15. Rc3 d4 16. Rxb3 $1 axb3 17. exd4 $16
{1-0 Atalik,S-Oosterom,E/Open, Groningen NED 1997 (36)}) 10. Nd2 (10. Bd2 $143
Nxd2 $5 (10... Qxc5 $5 11. e3 Nxd2 12. Nxd2 (12. Qxd2 $143 dxc4 13. Qc3 O-O 14.
Qxc4 Qe7 $11 {Toth,B-Gerber,R/SWZ-chT 1995/1-0 (56)}) 12... dxc4 (12... a5 $143
13. Nb3 Qe7 14. cxd5 exd5 15. Be2 O-O 16. O-O Be6 17. Rad1 Rac8 18. Qd2 b6 19.
Nd4 $14 {1/2-1/2 Simonsen,C-Olsen,L/DEN-chT 9596 1996 (39)}) 13. Qxc4 Qb6 14.
Qc3 O-O 15. Be2 Bd7 16. O-O Rac8 17. Nc4 Qc7 18. Rfd1 Ne7 19. Qd4 Bb5 20. Rac1
b6 21. b3 {1/2-1/2 Denecke,T-Livner,A/Rilton Cup9495 1994}) 11. Qxd2 dxc4 12.
Qxa5 Nxa5 13. Rc1 b5 $1 14. cxb6 axb6 15. e3 b5 16. Be2 Ke7 17. Nd4 Bd7 18. Bf3
Rab8 19. Nc2 Bc6 20. Bxc6 Nxc6 21. Ke2 Rhc8 22. Rhd1 Na5 23. Nb4 Nc6 {1/2-1/2
Candela Perez,J-Estremera Panos,S/ESP-chT 1994}) 10... Nd4 $5 (10... Nxd2 $143
11. Bxd2 Qxc5 12. e3 dxc4 13. Qxc4 Qxc4 14. Bxc4 Bd7 15. Bc3 $14 {Reshevsky,
S-Capablanka,H AVRO 1938}) 11. Qd1 $5 $146 (11. Qd3 $6 e5 12. b4 (12. cxd5 $2 {
Hansen,LB} Nxc5 $19) 12... Qa4 13. Ra2 (13. Nxe4 $2 dxe4 14. Qd1 Nc2+ 15. Kd2
e3+ $1 16. Kc3 Bf5 17. Bxe3 Rd8 $17 {Hansen,LB}) 13... Bf5 $5 (13... Nxd2 $5
14. Rxd2 $6 (14. Qxd2 dxc4 15. e3 Nb3 16. Qc3 Be6 17. Bxc4 Bxc4 18. Qxc4 Nxc1
19. Qxc1 a5 $10 {Bronstein-Boleslavsky/Saltsjobaden izt/1948}) 14... Bf5 15.
Qe3 (15. Qc3 $142 {Ftacnik}) 15... O-O-O $1 (15... Nc2+ $2 16. Rxc2 Qxc2 17.
cxd5 O-O-O 18. d6 $16) 16. g4 (16. cxd5 Rxd5 $17) (16. Qxe5 Nc2+ 17. Rxc2 Qxc2
18. Bf4 Qb1+ 19. Kd2 dxc4+ $19 {Hansen,LB}) 16... Qc2 $1 $17 (16... Nc2+ $6 17.
Rxc2 Bxc2 18. Bg2 $1 dxc4 19. O-O $36 {Hansen,LB}) (16... Bxg4 {Ftacnik} 17.
Bg2) 17. Rxd4 $8 (17. Rxc2 Nxc2+ 18. Kd2 dxc4+ 19. Kc3 Nxe3 20. Bxe3 Bxg4 $19)
(17. Qxd4 Qxc1+ 18. Rd1 Qxa3 {Hansen,LB} 19. Qxe5 Bc2 $19 {Makarychev}) (17.
gxf5 {Ftacnik} Qxc1+ 18. Rd1 Nc2#) 17... exd4 18. Qd2 (18. Qf4 {Ftacnik} Be4
19. Rg1 dxc4 $19) 18... Qxd2+ 19. Bxd2 Be4 $15 {0-1 Bareev,E-Ivanchuk,V/
Novgorod 1994 (31)}) 14. Nxe4 $5 (14. cxd5 Nxc5 15. Qc3 Ncb3 16. Nxb3 Qxb3 17.
Qxb3 Nxb3 18. Bd2 Be4 $10) 14... Bxe4 15. Qc3 O-O-O $5 (15... Nc2+ 16. Rxc2
Qxc2 17. Qxc2 Bxc2 18. cxd5 $14) 16. f3 Nc2+ 17. Kf2 d4 18. Qb2 Bg6 $44 19. g3
(19. e4 $5 dxe3+ 20. Bxe3) 19... Kb8 20. Bg2 f6 21. Bd2 d3 22. Rc1 Nd4 23. e3
$6 (23. exd3 $5) 23... Ne2 24. Rb1 Bf7 $17 {0-1 Galliamova Ivanchuk,A-Lerner,K/
Rostov op 1993 (41)}) 11... Bd7 $5 $13 {[%csl Rd1][%cal Gd7a4]} (11... Nxc5 $5
{[%cal Gd4b3]} 12. b4 (12. Rb1 $2 Ndb3 13. cxd5 exd5 14. Qc2 O-O $15) 12... Qa4
$8 {[%csl Re1][%cal Gd4c2]} 13. Ra2 $1 (13. Qxa4+ Nxa4 14. Ra2 Nc3 15. Rb2 Na4
16. Rb1 Nc3 $11) 13... Qxd1+ 14. Kxd1 Na4 15. Bb2 $5 (15. Ke1 $143 Nc3 16. Rb2
Na4 $11) (15. Nb1 $5 e5 $1 $13) 15... Nxb2+ 16. Rxb2 dxc4 (16... Bd7 $143 17.
e3 $14) 17. Nxc4 Ke7 18. e3 Nf5 $11) (11... dxc4 $5 12. e3 Nb3 13. Rb1 Nbxd2 (
13... c3 $2 14. Nxb3 c2+ 15. Nxa5 cxd1=Q+ (15... cxb1=Q $2 16. Bd3 $18 {
[%csl Rb1,Re4]}) 16. Kxd1 Nxf2+ 17. Ke1 Nxh1 18. g3 Rb8 19. Bg2 Nxg3 20. hxg3
$16) 14. Bxd2 Nxd2 $5 (14... Qxc5 $2 15. Bb4 Qd5 (15... Qc6 16. Qd4 $14) 16.
Qg4 $36 {[%csl Rg7][%cal Gb1d1]}) 15. Qxd2 Qxc5 16. Qc3 {[%csl Rc4,Rg7]} O-O
17. Bxc4 $11) 12. b4 $8 (12. e3 $2 Ba4 13. b4 Bxd1 14. bxa5 Nc2+ 15. Kxd1 Nxa1
16. Nxe4 (16. cxd5 $4 Nc3+ 17. Ke1 Nc2#) 16... dxe4 $17 {/\0-0-0}) (12. Rb1 $4
Ba4 13. b4 Qa6 14. b5 Qa5 $19) 12... Qa4 13. Nxe4 $1 (13. Qxa4 $2 Bxa4 14. Nxe4
Nc2+ 15. Kd2 Nxa1 16. Nd6+ Ke7 17. Bb2 Nb3+ 18. Kd3 $15) 13... Nc2+ $1 (13...
Qxd1+ $6 14. Kxd1 dxe4 $1 (14... Ba4+ $6 15. Kd2 Nb3+ (15... dxe4 $2 16. Kc3
Nb3 17. Rb1 Nxc1 18. Rxc1 $16) 16. Kc3 Nxa1 (16... dxe4 17. Rb1 $16) 17. Nd6+
Kd7 18. cxd5 exd5 19. Nxb7 {+/=/+/-}) 15. Rb1 $1 $14 (15. a4 $6 Nb3 $1 (15...
a5 $6 16. Bb2 Nb3 17. Ra3 axb4 18. Rxb3 Bxa4 19. Kc2 O-O $14) 16. Ra3 Nxc1 17.
Kxc1 a5 $1 $15) 15... Ba4+ $140 16. Kd2 O-O-O 17. Kc3 $16) 14. Kd2 Nxa1 15.
Nd6+ Ke7 $6 (15... Kf8 $5 16. cxd5 exd5 $5 (16... Nb3+ $6 17. Ke1 a5 18. c6 $1
(18. Nc4 $2 Nxc5 $1 19. Nb6 Qxd1+ 20. Kxd1 Ne4 $15) 18... bxc6 19. Nc4 $1 {
[%csl Ra4,Ra8,Rf8][%cal Gc4b6,Gd5e6,Gd1d6]} Nc5 $8 20. Nb6 Qxd1+ 21. Kxd1 Ne4
22. Ke1 $14) 17. Nxb7 Nb3+ 18. Ke1 a5 19. Nxa5 (19. Qxd5 $2 axb4 $17) 19...
Rxa5 $1 (19... Nxa5 $143 20. Qxa4 Bxa4 21. bxa5 Rxa5 22. Bd2 $14) 20. bxa5
Qxa5+ 21. Bd2 Nxd2 22. Qxd2 Qxa3 23. f3 (23. Qxd5 Qc1+ 24. Qd1 Qc3+ 25. Qd2
Qa1+ $11) 23... Qxc5 24. e3 $11) 16. Qxa4 $6 (16. cxd5 $5 b6 $5 $13 (16... Nb3+
$6 17. Ke1 exd5 18. Bb2 $36) (16... Qb3 $5 17. Qxb3 (17. e4 $6 exd5 18. Bd3 $44
) 17... Nxb3+ 18. Kc2 Ba4 19. Kb2 Nxc1 20. Kxc1 exd5 21. Nxb7 $14)) 16... Bxa4
17. cxd5 $5 (17. Bb2 Nb3+ 18. Kd3 $15) 17... Nb3+ 18. Kc3 $8 {/\e4} Nxc1 19. e4
a5 $1 $15 (19... Rab8 $6 20. Bc4 $140 b5 21. Bxb5 $1 (21. Rxc1 $2 bxc4 22. Nxc4
Rhd8 23. Kd4 (23. d6+ Kd7 $17) 23... f6 24. f4 Bc6 $17) 21... Bxb5 22. Nxb5
Rxb5 (22... Ne2+ 23. Kc4 $13) 23. Rxc1 a5 24. Kc4 Rhb8 25. Rb1 $44) 20. Bc4 {
[%csl Ya2,Yb3,Rc1][%cal Gc4a2,Gh1c1]} (20. Nxb7 $2 axb4+ 21. axb4 Na2+ 22. Kc4
$8 Rab8 23. c6 $8 Rhc8 {[%csl Rb7,Rc4][%cal Gb8b7]} 24. Kc5 $1 Rxb7 (24... Nc3
$5) 25. Ba6 Rbb8 26. Bxc8 Rxc8 27. Ra1 Nc3 $17) 20... b5 $5 (20... axb4+ $5 {
[%csl Ga8][%cal Ga8a1]} 21. axb4 (21. Kxb4 $1 $15) 21... b5 $1 22. Rxc1 (22.
Nxb5 $2 Na2+ 23. Bxa2 Bxb5 $19) 22... bxc4 23. Kxc4 Bd7 $1 $17) 21. Nxb5 (21.
Rxc1 axb4+ 22. axb4 bxc4 23. Kxc4 Bd7 $1 $17) 21... Na2+ (21... axb4+ $2 22.
Kxb4 (22. axb4 $2 Na2+ $1 23. Bxa2 Bxb5 $19) 22... Na2+ $142 (22... Bxb5 $4 23.
d6+ Kf6 24. Bxb5 Na2+ 25. Kb3 Rhc8 (25... Rab8 $6 26. a4 Rhc8 27. Kc4 $1 $18 {
[%csl Ra2][%cal Gh1a1]}) 26. c6 Rcb8 (26... Rab8 $2 27. Kxa2 $1 Rxb5 28. d7 $18
) 27. a4 Rxa4 28. Kxa4 Nc3+ 29. Kb4 Nxb5 30. Kc5 $16) 23. Bxa2 Bxb5 24. Kxb5 (
24. d6+ $2 Kd7 25. Kxb5 Rhb8+ 26. Kc4 Ra4+ {[%csl Ra2]} 27. Kd3 Rxa3+ $19)
24... Rhb8+ 25. Kc6 Rb2 {[%csl Rc6][%cal Ga8c8]} (25... Kd8) 26. Kc7 $8 (26.
d6+ $4 Kd8 $19 {[%csl Rc6][%cal Ga8a6,Ga8c8]}) 26... Rxa2 $6 (26... Ra7+ 27.
Kc8 Ra8+ $11) 27. d6+ Kf6 28. c6 R8xa3 29. Kd7 $1 $36) 22. Kb2 $8 (22. Bxa2 $2
Bxb5 $19) 22... Bxb5 $2 (22... axb4 $1 23. d6+ (23. Kxa2 Bxb5 24. Bxb5 Rxa3+
25. Kb2 Ra5 $17) 23... Kf6 $1 $17) 23. d6+ $1 Kf6 24. Bxb5 $44 axb4 $2 (24...
Rhb8 25. Bc6 Ra6 26. Bd7 $1 $44 {[%csl Gc5][%cal Gc5c6]}) 25. Kxa2 Rxa3+ 26.
Kb2 Ra5 $6 (26... Ke5 $5 27. f4+ (27. d7 Rc3 28. c6 $13) 27... Kxf4 28. c6 Ke5
29. Rd1 Rc3 30. c7 Ra8 31. d7 Rxc7 32. d8=R Rxd8 33. Rxd8 Kxe4 $11) 27. c6 $8 (
27. Bc4 $2 Rxc5 28. Kb3 Rb8 $17) 27... Rxb5 28. c7 Rc8 $2 (28... Rb7 $5 29. Rc1
Ke5 30. d7 Rxc7 $8 31. Rxc7 Rd8 32. f3 Kd6 33. Rb7 Rxd7 34. Rxb4 $11) (28...
Rbb8 $5 29. cxb8=Q Rxb8 30. Rd1 (30. f4 $6 e5 31. f5 g6 32. g4 Kg5 $15) 30...
e5 $11) 29. Rc1 $14 {[%csl Gc7,Gd6][%cal Gd6d7]} Rbb8 (29... Ra5 30. f4 $14 (
30. d7 $6 Raa8 $11) (30. Kb3 $4 Ra3+ 31. Kxb4 Rd3 32. Kc5 e5 $19)) 30. f4 $1 {
><e5} Ra8 $6 (30... e5 $1 31. f5 g6 $1 {[%csl Re4][%cal Gf6g5] +/=/=} (31...
Ra8 $2 32. h4 $1 (32. Rc6 $2 g6 $13) 32... h5 33. Rc6 g6 {see the game})) 31.
h4 $1 {><g5} e5 $2 (31... h5 $1 {/\g6,e5} 32. Rc6 $1 (32. e5+ $6 Kf5 $13) 32...
g6 $1 {[%cal Ge6e5]} 33. Kb3 $6 (33. d7 $142 Ke7 34. dxc8=Q Rxc8 $11) 33...
Ra3+ $1 (33... e5 $2 34. d7+ Ke7 35. dxc8=Q Rxc8 36. fxe5 Kd7 37. Rc5 Rxc7 38.
Rxc7+ Kxc7 39. Kxb4 Kd7 40. Kc4 Ke6 41. Kd4 Ke7 (41... Kd7 42. Kd5 Ke7 43. e6
fxe6+ (43... f6 44. e5 f5 45. g3 $18) 44. Ke5 Kf7 45. Kd6 Kf6 46. e5+ Kf5 47.
g3 $18) 42. Kd5 Kd7 43. e6+ fxe6+ 44. Ke5 Ke7 45. Kf4 $1 (45. g3 $2 Kf7 46. Kd6
$4 (46. Kf4 Kf6 $11) 46... Kf6 47. Kd7 (47. e5+ Kf5 $19) 47... Ke5 48. Ke7 Kxe4
49. Kxe6 Kf3 50. Kf6 Kxg3 51. Kxg6 Kxh4 $19) 45... Kf6 46. e5+ Kf7 47. Kg5 Kg7
48. g3 $22 $18) 34. Kxb4 Rd3 $8 35. Kb5 $44 (35. e5+ $6 Kf5 36. Rb6 Rd1 $17) (
35. Kc5 $5 Ra8 $1 $13)) 32. f5 $16 h5 (32... Rd8 $142 $5 33. cxd8=Q+ (33. Rc6
Rxd6 34. Rxd6+ Ke7 $11) 33... Rxd8 34. Rd1 $1 (34. Rc6 $2 h5 35. Kb3 g6 36.
fxg6 fxg6 37. Kxb4 Ke6 38. Kc5 Ra8 39. d7+ Kxd7 40. Rxg6 Ra5+ 41. Kc4 $14)
34... h5 35. Kb3 Rb8 $5 (35... g6 $2 36. fxg6 fxg6 37. Kxb4 Ke6 38. d7 $1 $18)
36. Rd5 $1 {zugzwang} (36. Kc4 $2 b3 (36... g6 $2 37. fxg6 fxg6 38. Kd5 b3 39.
Rf1+ $18) 37. Rb1 (37. Kc5 $6 b2 38. Rb1 Rc8+ 39. Kb6 Rc2 $15) 37... b2 $11)
36... g6 37. d7 Ke7 (37... Rd8 $2 38. fxg6 Kxg6 (38... fxg6 39. Kxb4 Ke6 40.
Kc5 $18) 39. Kxb4 $18 {[%cal Gb4c5,Gc5c6,Gc6c7]}) 38. d8=Q+ $1 (38. f6+ $2 Kd8
39. Rxe5 Rb6 $2 40. Re8+ Kxd7 41. Re7+ Kd6 42. g3 (42. Rxf7 Ke5 $11) 42... Rb8
$1 43. Rxf7 Ke6 $11) 38... Rxd8 39. Rxd8 Kxd8 40. fxg6 fxg6 41. Kxb4 $18) 33.
Rc6 $22 $18 g6 $8 (33... g5 $143 34. d7+ Ke7 35. dxc8=Q Rxc8 36. hxg5 Kd7 37.
Rc1 Rxc7 $140 38. Rxc7+ Kxc7 39. g6 $18) 34. d7+ Ke7 (34... Kg7 35. f6+ Kh7 36.
dxc8=Q Rxc8 37. Kb3 $18) 35. dxc8=Q Rxc8 36. fxg6 Kd7 (36... fxg6 37. Kb3 Kd7
38. Rc5 {see the game}) 37. Rc5 fxg6 38. Kb3 Rxc7 (38... Rf8 39. c8=Q+ Rxc8 40.
Rxc8 Kxc8 41. Kxb4 {[%csl Re5][%cal Gb4c5,Gc5d5,Gd5e5]} Kd7 42. Kc5 Ke6 43. Kc6
Kf7 44. Kd6 Kf6 45. Kd5 $18) 39. Rxc7+ Kxc7 {Hecht White wins by means of
zugzwang (opposition) using the reserve tempo g3. Weiß gewinnt durch Zugzwang 
(Opposition) infolge des Reservetempos g3.} 40. Kxb4 Kd6 (40... Kb6 41. Kc4 Kc6
42. g3 $22 $18 {[%csl Re5]}) 41. Kb5 g5 42. g3 $1 (42. g3 gxh4 43. gxh4 Ke7 44.
Kc6 Ke6 45. Kc5 Kf7 46. Kd6 Kf6 47. Kd5) (42. hxg5 {Hecht} h4 43. g6 Ke6 44.
Kc6 Kf6 45. Kd6 Kxg6 46. Kxe5 Kg5 47. Kd4 Kf4 48. e5 Kg3 49. e6 Kxg2 50. e7 h3
51. e8=Q h2 52. Qg6+ Kf2 53. Qh5 Kg2 54. Qg4+ Kf2 55. Qh3 Kg1 56. Qg3+ Kh1 57.
Qf3+ Kg1 58. Ke3 $19) 1-0